| Tag |
First Indicator |
Second Indicator |
Subfields |
| LEADER |
00000cam a2200000 4500 |
| 001 |
in00000038958 |
| 005 |
20151007081416.0 |
| 008 |
720922s1965 eng u |
| 010 |
|
|
|a 65012022
|
| 035 |
|
|
|a (OCoLC)00412803
|
| 035 |
|
|
|9 AAF6337AM
|
| 040 |
|
|
|c WSU
|d TXA
|d UtOrBLW
|
| 049 |
|
|
|a TXAM
|c [411702]
|
| 090 |
|
|
|a DT31
|b .M35
|
| 092 |
|
|
|a 320.96
|b M391e
|
| 100 |
1 |
|
|a Marvin, David Keith,
|d 1921-
|
| 245 |
1 |
0 |
|a Emerging Africa in world affairs.
|
| 264 |
|
1 |
|a San Francisco :
|b Chandler Pub. Co.,
|c [1965]
|
| 300 |
|
|
|a 314 pages
|
| 336 |
|
|
|a text
|b txt
|2 rdacontent
|
| 337 |
|
|
|a unmediated
|b n
|2 rdamedia
|
| 338 |
|
|
|a volume
|b nc
|2 rdacarrier
|
| 504 |
|
|
|a Bibliography: pages 313-314.
|
| 650 |
|
0 |
|a World politics
|y 1955-1965.
|
| 651 |
|
0 |
|a Africa
|x Politics and government
|y 1960-
|
| 999 |
|
|
|a MARS
|
| 999 |
f |
f |
|s bb56af61-6f46-3cf3-9046-726f0a0d203d
|i 6ca3caad-4e10-345d-b83d-080b42901164
|t 0
|
| 952 |
f |
f |
|p ric
|a Texas A&M University
|b Rellis Campus
|c Joint Library Facility
|d Remote Storage
|t 0
|e DT31 .M35
|h Library of Congress classification
|i unmediated -- volume
|m A14800660742
|
| 998 |
f |
f |
|a DT31 .M35
|t 0
|l Remote Storage
|